Giáo trình kinh tế chính trị Mác - Lênin : Dùng cho khối ngành Kinh tế - Quản trị kinh doanh trong các trường đại học, cao đẳng /

Bewaard in:
Bibliografische gegevens
Andere auteurs: Chu Văn Cấp (chủ biên), Trần Bình Trọng (chủ biên)
Formaat: Sách giấy
Taal:Vietnamese
Gepubliceerd in: H. : Chính trị Quốc gia, 2002
Onderwerpen:
Tags: Voeg label toe
Geen labels, Wees de eerste die dit record labelt!
Thư viện lưu trữ: Thư viện Trường Đại học Đà Lạt
LEADER 00920nam a2200289 4500
001 DLU030024941
005 ##20030728
008 ##030728t vn z000 vie d
040 # # |a DLU  |b vie 
041 # # |a vie 
044 # # |a vn 
082 # # |a 335.412  |b Gia 
245 # # |a Giáo trình kinh tế chính trị Mác - Lênin :  |b Dùng cho khối ngành Kinh tế - Quản trị kinh doanh trong các trường đại học, cao đẳng /  |c Chu Văn Cấp, Trần Bình Trọng chủ biên 
260 # # |a H. :  |b Chính trị Quốc gia,  |c 2002 
300 # # |a 510 tr. ;  |c 20 cm 
650 # # |a Kinh tế học Mác - Lênin  |v Giáo trình. 
700 # # |a Chu Văn Cấp  |e chủ biên 
700 # # |a Trần Bình Trọng  |e chủ biên 
992 # # |a 25500 
994 # # |a DLU 
900 # # |a True 
911 # # |a Nguyễn An Thanh 
925 # # |a G 
926 # # |a A 
927 # # |a SH 
980 # # |a Thư viện Trường Đại học Đà Lạt